005350000a2200181000450024500500000065000140005065000190006465000320008365000240011565100130013965300170015265300180016904100130018770000330020070000210023310000310025477300680028510aButterflies of the state of Jalisco, México14aMariposas14aBiogeografía14aDistribución geográfica14aRiqueza de especies 4pMéxico fHesperioidea fPapilionoidea0 aInglés1 aLlorente Bousquets, Jorge E.1 aArmando Luis, M.1 aVargas Fernández, Isabel1 tJournal of the Lepidopterists Society3547h2q97-138d1996g50